[Event "Ruhrgebiet VL2 9899"]
[Site "Ruhrgebiet"]
[Date "1999.05.09"]
[Round "9"]
[White "Kraemer, Matthias"]
[Black "Kedziora, Claus"]
[Result "0-1"]
[WhiteElo "2280"]
[BlackElo "2279"]
[PlyCount "154"]
[EventDate "1998.??.??"]
[EventType "team-tourn"]
[EventRounds "9"]
[EventCountry "GER"]
[SourceTitle "EXT 2002"]
[Source "ChessBase"]
[SourceDate "2001.11.25"]
[SourceVersion "1"]
[SourceVersionDate "2001.11.25"]
[SourceQuality "1"]

1. e4 c5 2. c3 Nf6 3. e5 Nd5 4. Nf3 Nc6 5. Na3 d6 6. exd6 e6 7. g3 Bxd6 8. Nc4 Be7 9. Bg2 0-0 10. a4 Qc7 11. 0-0 b6 12. d3 Bb7 13. Re1 Rad8 14. Qe2 Bf6 15. Ng5 Be7 16. h4 Qd7 17. Bh3 Bxg5 18. Bxg5 Nde7 19. Rad1 Rfe8 20. Bg2 f6 21. Bc1 e5 22. h5 Nb8 23. Be4 Bxe4 24. dxe4 Qe6 25. Ne3 Nbc6 26. Qf3 Na5 27. Ng4 Kf7 28. h6 g6 29. Bg5 Ng8 30. Ne3 Ne7 31. Ng4 Ng8 32. Ne3 Ne7 33. Rd5 Nxd5 34. exd5 Qd6 35. Ng4 e4 36. Qxf6+ Qxf6 37. Nxf6 Re5 38. f4 Rf5 39. Nxe4 Rd7 40. g4 Rfxd5 41. Bh4 Rd1 42. Ng5+ Kg8 43. Kf2 Rxe1 44. Kxe1 Nc4 45. f5 gxf5 46. gxf5 Ne3 47. Ne4 Rf7 48. Bg5 Nxf5 49. Ke2 Rb7 50. Kd3 Kf7 51. Kc4 Ke6 52. Kb5 Ke5 53. Nd2 Rf7 54. Kc6 Ne7+ 55. Kb7 Nd5+ 56. Kc6 Rc7+ 57. Kb5 Kf5 58. Bh4 Kf4 59. Nc4 Ne3 60. Nxe3 Kxe3 61. Bg3 Re7 62. Bb8 Kd3 63. Ka6 Re4 64. Kxa7 Rxa4+ 65. Kxb6 c4 66. Bd6 Ra2 67. Ba3 Kc2 68. Kc5 Kb3 69. Kd5 Ra1 70. Ke6 Rxa3 71. bxa3 Kxc3 72. Kf7 Kb3 73. Kg7 c3 74. Kxh7 c2 75. Kg8 c1Q 76. h7 Qg5+ 77. Kh8 Kc4 0-1

[Event "Ruhrgebiet VL2 9899"]
[Site "Ruhrgebiet"]
[Date "1999.01.10"]
[Round "5"]
[White "Kedziora, Claus"]
[Black "Blecken, Volker"]
[Result "0-1"]
[WhiteElo "2279"]
[BlackElo "2232"]
[PlyCount "54"]
[EventDate "1998.??.??"]
[EventType "team-tourn"]
[EventRounds "9"]
[EventCountry "GER"]
[SourceTitle "EXT 2002"]
[Source "ChessBase"]
[SourceDate "2001.11.25"]
[SourceVersion "1"]
[SourceVersionDate "2001.11.25"]
[SourceQuality "1"]

1. e4 c6 2. d4 d5 3. exd5 cxd5 4. c4 Nf6 5. Nc3 Nc6 6. Bg5 Be6 7. Bxf6 gxf6 8. c5 Qd7 9. Nf3 Rg8 10. g3 0-0-0 11. Bg2 Bh3 12. 0-0 e5 13. Bxh3 Qxh3 14. b4 Rg6 15. Ne2 Bh6 16. Kh1 Qg4 17. Kg2 e4 18. Nfg1 f5 19. b5 Ne7 20. c6 f4 21. Kh1 f3 22. Nc3 Bf4 23. h3 Rh6 24. Kh2 Rg8 25. cxb7+ Kb8 26. Qc2 Rgg6 27. Nxd5 Bxg3+ 0-1

[Event "Recklinghausen op"]
[Site "Recklinghausen"]
[Date "1999.??.??"]
[Round "8"]
[White "Gausel, Einar"]
[Black "Kedziora, Claus"]
[Result "1-0"]
[WhiteElo "2500"]
[BlackElo "2265"]
[PlyCount "83"]
[EventDate "1999.??.??"]
[EventType "swiss"]
[EventRounds "9"]
[EventCountry "GER"]
[SourceTitle "EXT 2000"]
[Source "ChessBase"]
[SourceDate "1999.11.16"]
[SourceVersion "1"]
[SourceVersionDate "1999.11.16"]
[SourceQuality "1"]

1. Nf3 Nf6 2. c4 g6 3. Nc3 Bg7 4. e4 d6 5. d4 0-0 6. Be2 e5 7. 0-0 Nbd7 8. Be3 Ng4 9. Bg5 f6 10. Bh4 h5 11. h3 Nh6 12. dxe5 dxe5 13. Qd5+ Nf7 14. Rfd1 Qe7 15. Qa5 c6 16. b4 Re8 17. c5 Nf8 18. Qa3 g5 19. Bg3 f5 20. exf5 h4 21. Bh2 e4 22. Nd4 e3 23. f3 Rd8 24. Ne6 Nxe6 25. fxe6 Bxe6 26. Ne4 Bxa1 27. Rxa1 Bd5 28. Qxe3 Re8 29. Bd3 Rad8 30. Bc2 Qe6 31. Qc3 Kf8 32. Kh1 Re7 33. Bd6 Nxd6 34. cxd6 Rg7 35. Bb3 Qf5 36. Rd1 Bxb3 37. axb3 Qf4 38. Qc5 a6 39. Qc3 Rdd7 40. Nf6 Rxd6 41. Qc5 Qxf6 42. Rxd6 1-0